000 00809nam0a22002531 4500
001 rc\793953
005 20250622134059.0
035 _a(NLR Aleph) 006318944
090 _a7431260
_c7431260
100 _a20040301d1983 |||y0rusy50 ca
101 0 _arus
102 _aRU
105 _aa |||||||||
200 1 _aЗаповедные ландшафты Крыма
_eНауч.-попул. очерк
210 _aСимферополь
_cТаврия
_d1983
215 _a107, [18] с., 8 л. цв. ил.
_d17
300 _aВ аннот. авт.: к. геогр. н. В.Г. Ена
320 _aБиблиогр.: с. [16-17]
700 1 _aЕна
_bВ.Г.
_gВасилий Георгиевич
801 0 _aRU
_bNLR
_gpsbo
801 1 _aRU
_bELAR
_2rusmarc
852 _aNLR
_j85-2/490
942 _cBOOK
980 _aNB